Central Library OPAC University of Rajshahi

Psychiatry / (Record no. 31487)

MARC details
000 -LEADER
fixed length control field 00699nam a22002537a 4500
001 - CONTROL NUMBER
control field 31487
003 - CONTROL NUMBER IDENTIFIER
rucl marc code BD-RjUL
005 - DATE AND TIME OF LATEST TRANSACTION
control field 20211209051716.0
008 - FIXED-LENGTH DATA ELEMENTS--GENERAL INFORMATION
fixed length control field 140420b1965 mo ||||| |||| 001 0 eng d
035 ## - SYSTEM CONTROL NUMBER
System control number (BD-RjUL) 31575
040 ## - CATALOGING SOURCE
Original cataloging agency BD-RjUL
Language of cataloging eng
Transcribing agency BD-RjUL
041 ## - LANGUAGE CODE
Language code of text/sound track or separate title eng
082 04 - DEWEY DECIMAL CLASSIFICATION NUMBER
Classification number 616.89008
Author mark and year POP 1969
100 1# - MAIN ENTRY--PERSONAL NAME
Personal name Portnov Anatoly
9 (RLIN) 95834
245 1# - TITLE STATEMENT
Title Psychiatry /
Remainder of title Anatoly Portnov; Dmitry Fedotov; Yuri Shirokov
250 ## - EDITION STATEMENT
Edition statement Russian Edition
260 ## - PUBLICATION, DISTRIBUTION, ETC. (IMPRINT)
Place of publication, distribution, etc. Mosco :
Name of publisher, distributor, etc. Mir Publishers,
Date of publication, distribution, etc. 1969.
300 ## - PHYSICAL DESCRIPTION
Pagination 371p. ;
Size 22cm.
504 ## - BIBLIOGRAPHY, ETC. NOTE
Bibliography, etc Includes Index
650 #0 - SUBJECT ADDED ENTRY--TOPICAL TERM
Topical term or geographic name as entry element Psychiatry.
9 (RLIN) 95835
700 1# - ADDED ENTRY--PERSONAL NAME
Personal name Fedotov Dmitry
Personal name Shirokov Yuri
942 ## - ADDED ENTRY ELEMENTS (KOHA)
Source of classification or shelving scheme Dewey Decimal Classification
Koha item type Books
Holdings
Lost status Source of classification or shelving scheme Damaged status Not for loan Collection code Permanent Location Current Location Shelving location Date acquired Source of acquisition Total Checkouts Full call number Date last seen Copy number Koha item type
  Dewey Decimal Classification   Not For Loan Non-fiction Central Library, University of Rajshahi Central Library, University of Rajshahi Reading Room 22/10/1990 Shawkat Osman Gift   616.89008 POP 1969 20/04/2014 C-1 Books